[Event "Madurai op 1st"]
[Site "Madurai"]
[Date "2017.08.14"]
[Round "5"]
[White "Uma Maheswaran, P."]
[Black "Keshav, Kothari"]
[Result "1/2-1/2"]
[WhiteElo "1916"]
[BlackElo "1632"]
[PlyCount "79"]
[EventDate "2017.08.12"]
[EventType "swiss"]
[EventRounds "8"]
[EventCountry "IND"]
[SourceTitle "CBM 180 Extra"]
[Source "ChessBase"]
[SourceDate "2017.10.06"]
[SourceVersion "1"]
[SourceVersionDate "2017.10.06"]
[SourceQuality "1"]

1. e4 e5 2. Nf3 Nc6 3. Bb5 a6 4. Ba4 Nf6 5. 0-0 Be7 6. Re1 b5 7. Bb3 d6 8. c3 0-0 9. d4 exd4 10. cxd4 Bg4 11. Be3 Na5 12. Bc2 Nc4 13. Bc1 c5 14. b3 Nb6 15. Bb2 Nfd7 16. Nbd2 Re8 17. h3 Bh5 18. g4 Bg6 19. Nf1 d5 20. e5 Bxc2 21. Qxc2 c4 22. Ng3 g6 23. Kg2 Nf8 24. Rh1 Rc8 25. Qd2 b4 26. Bc1 a5 27. h4 Qd7 28. h5 Qxg4 29. hxg6 fxg6 30. Nh2 Qd7 31. f4 Bh4 32. Nf3 Bxg3 33. Kxg3 Rc6 34. Qh2 Rec8 35. Bd2 c3 36. Be3 a4 37. Rae1 R8c7 38. Bc1 Qf5 39. Qe2 axb3 40. axb3 1/2-1/2

[Event "IND-ch U25"]
[Site "Kankarbagh"]
[Date "2015.10.17"]
[Round "7"]
[White "Uma Maheswaran, P."]
[Black "Krishna Teja, N."]
[Result "0-1"]
[WhiteElo "1919"]
[BlackElo "2313"]
[PlyCount "104"]
[EventDate "2015.10.13"]
[EventType "swiss"]
[EventRounds "9"]
[EventCountry "IND"]
[SourceTitle "CBM 168 Extra"]
[Source "ChessBase"]
[SourceDate "2015.10.29"]
[SourceVersion "1"]
[SourceVersionDate "2015.10.29"]
[SourceQuality "1"]

1. e4 c5 2. Nf3 d6 3. d4 cxd4 4. Nxd4 Nf6 5. Nc3 a6 6. Bg5 e6 7. f4 h6 8. Bh4 Be7 9. Qf3 Nbd7 10. 0-0-0 Qc7 11. Be2 b5 12. Bxf6 Bxf6 13. Bxb5 axb5 14. Ndxb5 Qa5 15. Nxd6+ Ke7 16. e5 Bxe5 17. fxe5 Nxe5 18. Qg3 Rd8 19. Ndb5 Ng6 20. Rxd8 Qxd8 21. h4 Kf8 22. h5 Ne7 23. Rd1 Nd5 24. Nxd5 exd5 25. Nc7 Rxa2 26. Kb1 Ra7 27. Nxd5 Be6 28. Nc3 Qa8 29. Kc1 Ra1+ 30. Kd2 Ra5 31. Qf3 Qd8+ 32. Qd3 Qg5+ 33. Ke1 Qh4+ 34. Kd2 Kg8 35. Kc1 Ra1+ 36. Kd2 Qg5+ 37. Ke1 Rxd1+ 38. Nxd1 Qxg2 39. b4 Qh1+ 40. Kd2 Qxh5 41. b5 Qc5 42. Ne3 Qb4+ 43. Ke2 Qa5 44. c4 Qa2+ 45. Kf3 Qa8+ 46. Qe4 Qa1 47. Qc2 g5 48. b6 g4+ 49. Ke2 Qh1 50. Qd1 Qh2+ 51. Ke1 Qh4+ 52. Ke2 g3 0-1

[Event "IND-ch U25"]
[Site "Kankarbagh"]
[Date "2015.10.15"]
[Round "4"]
[White "Uma Maheswaran, P."]
[Black "Patil, Rohit R"]
[Result "1-0"]
[WhiteElo "1919"]
[BlackElo "1635"]
[PlyCount "53"]
[EventDate "2015.10.13"]
[EventType "swiss"]
[EventRounds "9"]
[EventCountry "IND"]
[SourceTitle "CBM 168 Extra"]
[Source "ChessBase"]
[SourceDate "2015.10.29"]
[SourceVersion "1"]
[SourceVersionDate "2015.10.29"]
[SourceQuality "1"]

1. e4 c5 2. Nf3 d6 3. d4 cxd4 4. Nxd4 Nf6 5. Nc3 a6 6. Bg5 e5 7. Nde2 Be7 8. Qd2 Nbd7 9. f3 0-0 10. 0-0-0 Nb6 11. Ng3 Be6 12. Kb1 Kh8 13. Bxf6 gxf6 14. Nd5 Bxd5 15. exd5 Rg8 16. Bd3 Qf8 17. Qb4 Nd7 18. Qh4 f5 19. Qh3 Nf6 20. Bxf5 Rg5 21. Rhe1 h6 22. c4 b5 23. c5 dxc5 24. d6 Bd8 25. Rxe5 c4 26. f4 Rg8 27. Ne4 1-0

[Event "IND-chT 33rd"]
[Site "Hyderabad"]
[Date "2013.02.26"]
[Round "9.4"]
[White "Stany, George Anthony"]
[Black "Uma Maheswaran, P."]
[Result "1-0"]
[WhiteElo "2456"]
[BlackElo "1971"]
[PlyCount "91"]
[EventDate "2013.02.20"]
[EventType "team-swiss"]
[EventRounds "9"]
[EventCountry "IND"]
[SourceTitle "CBM 153 Extra"]
[Source "ChessBase"]
[SourceDate "2013.04.22"]
[SourceVersion "1"]
[SourceVersionDate "2013.04.22"]
[SourceQuality "1"]
[WhiteTeam "Airports Authority"]
[BlackTeam "Tamil Nadu III"]
[WhiteTeamCountry "IND"]
[BlackTeamCountry "IND"]

1. Nf3 Nf6 2. g3 g6 3. Bg2 Bg7 4. d3 d5 5. Nbd2 c5 6. e4 Nc6 7. 0-0 0-0 8. Re1 Qc7 9. a4 e5 10. exd5 Nxd5 11. Nc4 Nb6 12. Ne3 Be6 13. Ng5 Rad8 14. Nxe6 fxe6 15. a5 Nd5 16. Nc4 Qf7 17. Rf1 Nd4 18. Bg5 Rd7 19. c3 Nc6 20. Be4 Kh8 21. Qe2 Qe8 22. Kg2 Qb8 23. h4 h6 24. Bxg6 Kg8 25. Bd2 Qc7 26. Be4 Rdf7 27. Kg1 Nce7 28. Rae1 Nc6 29. Qg4 Rf6 30. Qe2 R6f7 31. Ne3 Nxe3 32. Bxe3 Nxa5 33. Qh5 Rf6 34. Bg6 Nb3 35. Re2 Rd8 36. Bxh6 Bxh6 37. Qxh6 Qg7 38. Qxg7+ Kxg7 39. h5 a6 40. Kg2 Rd5 41. Rfe1 Rf8 42. Rxe5 Rxe5 43. Rxe5 Kf6 44. Re3 Na5 45. f4 Nc6 46. g4 1-0

[Event "IND-chT 33rd"]
[Site "Hyderabad"]
[Date "2013.02.25"]
[Round "8.4"]
[White "Gokhale, Chandrashekhar"]
[Black "Uma Maheswaran, P."]
[Result "1-0"]
[WhiteElo "2264"]
[BlackElo "1971"]
[PlyCount "59"]
[EventDate "2013.02.20"]
[EventType "team-swiss"]
[EventRounds "9"]
[EventCountry "IND"]
[SourceTitle "CBM 153 Extra"]
[Source "ChessBase"]
[SourceDate "2013.04.22"]
[SourceVersion "1"]
[SourceVersionDate "2013.04.22"]
[SourceQuality "1"]
[WhiteTeam "Air India"]
[BlackTeam "Tamil Nadu III"]
[WhiteTeamCountry "IND"]
[BlackTeamCountry "IND"]

1. Nf3 Nf6 2. d4 g6 3. Bf4 Bg7 4. e3 0-0 5. h3 d5 6. Be2 c5 7. c3 Nc6 8. 0-0 Nd7 9. Qb3 c4 10. Qa4 e5 11. dxe5 Ncxe5 12. Qb5 Nxf3+ 13. Bxf3 Nb6 14. Rd1 g5 15. Bg3 Bd7 16. Qa5 Ba4 17. Rd2 Bc6 18. e4 Qe7 19. exd5 Nxd5 20. Bxd5 b6 21. Qb4 Qe1+ 22. Kh2 Rad8 23. Bxc6 Rxd2 24. Nxd2 Qxa1 25. Nxc4 Qxa2 26. Bd5 Rd8 27. Qb5 a6 28. Qc6 Bf8 29. Ne3 Qa5 30. Qb7 1-0

[Event "IND-chT 33rd"]
[Site "Hyderabad"]
[Date "2013.02.24"]
[Round "6.4"]
[White "Uma Maheswaran, P."]
[Black "Snehal, Bohosale"]
[Result "1-0"]
[WhiteElo "1971"]
[BlackElo "2081"]
[PlyCount "105"]
[EventDate "2013.02.20"]
[EventType "team-swiss"]
[EventRounds "9"]
[EventCountry "IND"]
[SourceTitle "CBM 153 Extra"]
[Source "ChessBase"]
[SourceDate "2013.04.22"]
[SourceVersion "1"]
[SourceVersionDate "2013.04.22"]
[SourceQuality "1"]
[WhiteTeam "Tamil Nadu III"]
[BlackTeam "Maharashtra CA"]
[WhiteTeamCountry "IND"]
[BlackTeamCountry "IND"]

1. e4 e5 2. Nf3 Nc6 3. Bc4 Nf6 4. d3 Be7 5. 0-0 0-0 6. Nc3 d6 7. h3 Na5 8. Bb3 Nxb3 9. axb3 c5 10. Qe2 Ne8 11. Nh2 Nc7 12. f4 b5 13. f5 Bb7 14. Ng4 b4 15. f6 bxc3 16. Bg5 Qc8 17. fxe7 Re8 18. Nf6+ gxf6 19. Bxf6 Qe6 20. Qh5 Rxe7 21. Qh6 Ne8 22. Qg5+ Kf8 23. Qh6+ Kg8 24. Rf5 Qxf6 25. Rxf6 Nxf6 26. Qxf6 Re6 27. Qf3 cxb2 28. Rb1 Rf8 29. g4 d5 30. exd5 Rfe8 31. Qe4 Rf6 32. c4 Rf4 33. Qe3 f5 34. gxf5 Bc8 35. Rxb2 Bxf5 36. Rg2+ Kh8 37. Rg3 Bg6 38. Qxc5 e4 39. dxe4 Rfxe4 40. Qxa7 R8e7 41. Qb6 Rf7 42. d6 Re1+ 43. Kh2 Rff1 44. Re3 Rh1+ 45. Kg3 Reg1+ 46. Kf4 Rf1+ 47. Ke5 Rf5+ 48. Kd4 Rhf1 49. Kc3 Rd1 50. Re7 Rf8 51. d7 Rd3+ 52. Kb4 Bf5 53. Re8 1-0

[Event "IND-chT 33rd"]
[Site "Hyderabad"]
[Date "2013.02.21"]
[Round "2.2"]
[White "Uma Maheswaran, P."]
[Black "Das, Arghyadip"]
[Result "0-1"]
[WhiteElo "1971"]
[BlackElo "2480"]
[PlyCount "70"]
[EventDate "2013.02.20"]
[EventType "team-swiss"]
[EventRounds "9"]
[EventCountry "IND"]
[SourceTitle "CBM 153 Extra"]
[Source "ChessBase"]
[SourceDate "2013.04.22"]
[SourceVersion "1"]
[SourceVersionDate "2013.04.22"]
[SourceQuality "1"]
[WhiteTeam "Tamil Nadu III"]
[BlackTeam "Indian Railways"]
[WhiteTeamCountry "IND"]
[BlackTeamCountry "IND"]

1. e4 c5 2. Nf3 d6 3. d4 cxd4 4. Nxd4 Nf6 5. Nc3 a6 6. Bg5 e6 7. f4 h6 8. Bxf6 Qxf6 9. Qd2 Bd7 10. 0-0-0 Nc6 11. e5 dxe5 12. Ndb5 Qd8 13. Nd6+ Bxd6 14. Qxd6 exf4 15. Ne4 Qe7 16. Qc7 Bc8 17. Nd6+ Kf8 18. Qb6 g6 19. Be2 Kg7 20. Bf3 Rd8 21. Qc5 Kg8 22. h4 Rb8 23. h5 g5 24. Rhe1 a5 25. Bxc6 bxc6 26. Qxc6 a4 27. Rd3 Qf6 28. c3 Bb7 29. Qc7 Bxg2 30. Red1 Bd5 31. R3d2 a3 32. bxa3 f3 33. Ne4 Qf5 34. Rd4 Rdc8 35. Rxd5 exd5 0-1

[Event "Chennai op 5th"]
[Site "Chennai"]
[Date "2013.01.23"]
[Round "11"]
[White "Kiran, Manisha Mohanty"]
[Black "Uma Maheswaran, P."]
[Result "1-0"]
[WhiteElo "2179"]
[BlackElo "1933"]
[PlyCount "70"]
[EventDate "2013.01.16"]
[EventType "swiss"]
[EventRounds "11"]
[EventCountry "IND"]
[SourceTitle "CBM 152 Extra"]
[Source "ChessBase"]
[SourceDate "2013.02.25"]
[SourceVersion "1"]
[SourceVersionDate "2013.02.25"]
[SourceQuality "1"]

1. e4 c5 2. Nf3 d6 3. d4 cxd4 4. Nxd4 Nf6 5. Nc3 Nc6 6. Bg5 e6 7. Qd2 a6 8. 0-0-0 Bd7 9. f3 Be7 10. Kb1 0-0 11. h4 Nxd4 12. Qxd4 Bc6 13. g4 b5 14. Qd2 Rc8 15. Bd3 Nd7 16. Bxe7 Qxe7 17. g5 Ne5 18. f4 Nxd3 19. cxd3 Qb7 20. h5 d5 21. h6 g6 22. Rhe1 b4 23. exd5 exd5 24. Ne2 Qb6 25. f5 Bd7 26. Ng3 b3 27. axb3 Qxb3 28. Qf2 Bb5 29. Qd4 f6 30. Rd2 Rc7 31. fxg6 hxg6 32. gxf6 Rfc8 33. Nf1 a5 34. Ne3 Kh7 35. Nxd5 Rd8 1-0